000 00353nam a2200133Ia 4500
005 20260328104336.0
008 260328s9999||||xx |||||||||||||| ||und||
100 _aMitscherlich, Alexander
245 0 _aLa Inhospitalidad de Nuestras Ciudades /
_cAlexander Mitscherlich
260 _bAlianza
300 _a175 p.
650 _aARQUITECTURA
942 _cBK
999 _c11911
_d11911